01993cam a22003258i 450000100090000000300050000900500170001400800410003101000170007202000300008904000230011908200150014210000460015724501020020326300090030526400330031430000130034733600260036033700280038633800270041450506880044163000320112965000510116165000520121265000520126477601880131694200130150499900190151795201310153620520428NUST20221107162228.0180529s2019 nju b 001 0 eng  a 2018025509 a9781119465812 (hardcover) aDLCbengerdacDLC00a519.53,DEN1 aDenis, Daniel J.,d1974-eauthor.910242410aSPSS data analysis : bfor univariate, bivariate, and multivariate statistics /cDaniel J. Denis. a1808 1aHoboken, NJ :bWiley,c2019. apages cm atextbtxt2rdacontent aunmediatedbn2rdamedia avolumebnc2rdacarrier aReview of Essential Statistical Principles (Page-1), Introduction to SPSS (Page-9), Exploratory Data Analysis, Basic Statistics, and Visual Displays (Page-19), Data Management in SPSS (Page-33), Inferential Tests on Correlations, Counts, and Means (Page-41), Power Analysis and Estimating Sample Size (Page-63), Analysis of Variance: Fixed and Random Effects (Page-69), Repeated Measures ANOVA (Page-91), Simple and Multiple Linear Regression (Page-103), Logistic Regression (Page-131), Multivariate Analysis of Variance (MANOVA) and Discriminant Analysis (Page-141), Principal Components Analysis (Page-163), Exploratory Factor Analysis (Page-175), Nonparametric Tests (Page-191), 00aSPSS (Computer file)923470 0aAnalysis of variancexData processing.9102425 0aMultivariate analysisxData processing.9102426 0aMathematical statisticsxData processing.9998908iOnline version:aDenis, Daniel J., 1974- author.tSPSS data analysis for univariate, bivariate, and multivariate statisticsdHoboken, NJ : Wiley, 2019z9781119465805w(DLC) 2018029180 2ddccREF c592265d592265 00102ddc4070aMCSbMCScGENd2022-11-07o519.53,DENpMCS38199r2022-11-07w2022-11-07yREFzAlmirah Fresh No.44, Shelf No.6